<?xml version="1.0" encoding="UTF-8"?>
<record
    xmlns:xsi="http://www.w3.org/2001/XMLSchema-instance"
    xsi:schemaLocation="http://www.loc.gov/MARC21/slim http://www.loc.gov/standards/marcxml/schema/MARC21slim.xsd"
    xmlns="http://www.loc.gov/MARC21/slim">

  <leader>02365nas a2200277Ia 4500</leader>
  <controlfield tag="001">R050-R761I</controlfield>
  <controlfield tag="003">IT-CnALBA</controlfield>
  <controlfield tag="008">170116c99999999xx ||||||||||||   ||und||</controlfield>
  <datafield tag="040" ind1=" " ind2=" ">
    <subfield code="a">IT-CnALBA</subfield>
    <subfield code="c">IT-CnALBA</subfield>
  </datafield>
  <datafield tag="041" ind1=" " ind2=" ">
    <subfield code="a">ITALIANO</subfield>
  </datafield>
  <datafield tag="100" ind1=" " ind2=" ">
    <subfield code="a">SHEHU MEHMET</subfield>
  </datafield>
  <datafield tag="210" ind1=" " ind2=" ">
    <subfield code="a">DOCUMENTAZIONE SUI PAESI DELL'EST</subfield>
  </datafield>
  <datafield tag="222" ind1=" " ind2=" ">
    <subfield code="a">DOCUMENTAZIONE SUI PAESI DELL'EST</subfield>
  </datafield>
  <datafield tag="245" ind1=" " ind2="0">
    <subfield code="a">DOCUMENTAZIONE SUI PAESI DELL'EST. VOL. II. ANNO V. 1969. </subfield>
  </datafield>
  <datafield tag="250" ind1=" " ind2=" ">
    <subfield code="a">1a ed.</subfield>
  </datafield>
  <datafield tag="260" ind1=" " ind2=" ">
    <subfield code="a">MILANO</subfield>
    <subfield code="b">CESES, CENTRO STUDI R. PROB. ECON. </subfield>
    <subfield code="c">1969</subfield>
  </datafield>
  <datafield tag="300" ind1=" " ind2=" ">
    <subfield code="a">1009 p. </subfield>
  </datafield>
  <datafield tag="310" ind1=" " ind2=" ">
    <subfield code="a">BIMENSILE</subfield>
  </datafield>
  <datafield tag="362" ind1=" " ind2=" ">
    <subfield code="a">Fascicolo: 13-24 / Anno: 5 (1969)</subfield>
  </datafield>
  <datafield tag="500" ind1=" " ind2=" ">
    <subfield code="a">RIFORMA DELLA SCUOLA IN ALBANIA. SINDACALISTI ANTIPARTITO IN CECOSLOVACCHIA. STATUTO DEL PARTITO COMUNISTA IN CINA. JUGOSLAVIA, DIVERGENZE DELLA LEGA. INDICE DEGLI AUTORI. INDICE ANALITICO DELLA MATERIA. VIOLAZIONE DELLE LEGGI IN POLONIA. UNGHERIA, RIFORMA ECONOMICA. CRITICA DEI SOVIETICI AI PAESI DELL'EST. CRITICA DI PECHINO AL COMECON. CONFLITTO CINO SOVIETICO. ECONOMIA. RELIGIONE. GIOVENT&#xD9;. LAVORO. SINDACATI. REPRESSIONE STALINIANA IN CECOSLOVACCHIA. RIFORMA DI HUSAK. CROCIATA BOEMA. PROGETTO DELLO STATUTO IN CECOSLOVACCHIA. POLONIA, ARRETRATEZZA ECONOMICA. ASPETTI DELLA VITA SOCIALE. ROMANIA, PRESA DI POSIZIONE SUL COMECON. UNGHERIA E COMECON. URSS COMECON E IMPERIALISMO SOVIETICO. ACCUSE DI PECHINO A MOSCA. ELENCO DELLE FONTI, QUOTIDIANI E PERIODICI. </subfield>
  </datafield>
  <datafield tag="501" ind1=" " ind2=" ">
    <subfield code="a">Societ&#xE0; San Paolo EM - Piazza San Paolo, 14 - 12051 ALBA (CN)  (non commercial uses only) &#xAE; Copyright 2017</subfield>
  </datafield>
  <datafield tag="520" ind1=" " ind2=" ">
    <subfield code="a">RIFORMA DELLA SCUOLA IN ALBANIA. SINDACALISTI ANTIPARTITO IN CECOSLOVACCHIA. STATUTO DEL PARTITO COMUNISTA IN CINA. JUGOSLAVIA, DIVERGENZE DELLA LEGA. INDICE DEGLI AUTORI. INDICE ANALITICO DELLA MATERIA. VIOLAZIONE DELLE LEGGI IN POLONIA. UNGHERIA, RIFORMA ECONOMICA. CRITICA DEI SOVIETICI AI PAESI DELL'EST. CRITICA DI PECHINO AL COMECON. CONFLITTO CINO SOVIETICO. ECONOMIA. RELIGIONE. GIOVENT&#xD9;. LAVORO. SINDACATI. REPRESSIONE STALINIANA IN CECOSLOVACCHIA. RIFORMA DI HUSAK. CROCIATA BOEMA. PROGETTO DELLO STATUTO IN CECOSLOVACCHIA. POLONIA, ARRETRATEZZA ECONOMICA. ASPETTI DELLA VITA SOCIALE. ROMANIA, PRESA DI POSIZIONE SUL COMECON. UNGHERIA E COMECON. URSS COMECON E IMPERIALISMO SOVIETICO. ACCUSE DI PECHINO A MOSCA. ELENCO DELLE FONTI, QUOTIDIANI E PERIODICI. </subfield>
  </datafield>
  <datafield tag="650" ind1=" " ind2=" ">
    <subfield code="a">PERIODICI</subfield>
  </datafield>
  <datafield tag="942" ind1=" " ind2=" ">
    <subfield code="c">CR</subfield>
  </datafield>
  <datafield tag="957" ind1=" " ind2=" ">
    <subfield code="7">1</subfield>
  </datafield>
  <datafield tag="999" ind1=" " ind2=" ">
    <subfield code="a">14746</subfield>
    <subfield code="b">NO</subfield>
    <subfield code="g">1</subfield>
    <subfield code="c">322704</subfield>
    <subfield code="d">322704</subfield>
  </datafield>
  <datafield tag="952" ind1=" " ind2=" ">
    <subfield code="0">0</subfield>
    <subfield code="1">0</subfield>
    <subfield code="4">0</subfield>
    <subfield code="6">R_050R761I</subfield>
    <subfield code="7">1</subfield>
    <subfield code="a">ALBA</subfield>
    <subfield code="b">ALBA</subfield>
    <subfield code="d">2017-01-16</subfield>
    <subfield code="l">0</subfield>
    <subfield code="o">R050-R761I</subfield>
    <subfield code="r">2017-01-16 00:00:00</subfield>
    <subfield code="w">2017-01-16</subfield>
    <subfield code="y">CR</subfield>
    <subfield code="z">(data import: 16 gennaio 2017) - By Epidotti, Vaglietti. </subfield>
  </datafield>
</record>
